Влияние гидростатического давления на прочность хрупких материалов; Прочность, пластичность и контактное взаимодействие твердых тел

Bibliografske podrobnosti
Parent link:Прочность, пластичность и контактное взаимодействие твердых тел.— 1976.— С. 20-24
Glavni avtor: Седоков Л. М.
Drugi avtorji: Важенцев Ю. Г.
Jezik:ruščina
Izdano: 1976
Teme:
Format: MixedMaterials Book Chapter
KOHA link:https://koha.lib.tpu.ru/cgi-bin/koha/opac-detail.pl?biblionumber=594776

MARC

LEADER 00000naa0a2200000 4500
001 594776
005 20250217114604.0
035 |a (RuTPU)RU\TPU\tpu\11791 
090 |a 594776 
100 |a 20040311d1976 k||y0rusy50 ca 
101 0 |a rus 
102 |a RU 
200 1 |a Влияние гидростатического давления на прочность хрупких материалов  |f Л. М. Седоков, Ю. Г. Важенцев 
320 |a Библиогр.: 21 назв. 
463 |t Прочность, пластичность и контактное взаимодействие твердых тел  |v С. 20-24  |d 1976 
610 1 |a гидростатическое давление 
610 1 |a хрупкие материалы 
610 1 |a прочность 
610 1 |a труды учёных ТПУ 
700 1 |a Седоков  |b Л. М. 
701 1 |a Важенцев  |b Ю. Г. 
801 1 |a RU  |b 63413507  |c 20040311  |g PSBO 
801 2 |a RU  |b 63413507  |c 20100401  |g RCR 
942 |c BK